<?xml version="1.0" encoding="UTF-8"?><?xml-stylesheet type="text/xsl" href="static/style.xsl"?><OAI-PMH xmlns="http://www.openarchives.org/OAI/2.0/" xmlns:xsi="http://www.w3.org/2001/XMLSchema-instance" xsi:schemaLocation="http://www.openarchives.org/OAI/2.0/ http://www.openarchives.org/OAI/2.0/OAI-PMH.xsd"><responseDate>2026-04-17T11:35:27Z</responseDate><request verb="GetRecord" identifier="oai:www.recercat.cat:2445/128527" metadataPrefix="marc">https://recercat.cat/oai/request</request><GetRecord><record><header><identifier>oai:recercat.cat:2445/128527</identifier><datestamp>2025-12-05T00:31:06Z</datestamp><setSpec>com_2072_1057</setSpec><setSpec>col_2072_478917</setSpec></header><metadata><record xmlns="http://www.loc.gov/MARC21/slim" xmlns:dcterms="http://purl.org/dc/terms/" xmlns:xsi="http://www.w3.org/2001/XMLSchema-instance" xmlns:doc="http://www.lyncode.com/xoai" xsi:schemaLocation="http://www.loc.gov/MARC21/slim http://www.loc.gov/standards/marcxml/schema/MARC21slim.xsd">
   <leader>00925njm 22002777a 4500</leader>
   <datafield ind2=" " ind1=" " tag="042">
      <subfield code="a">dc</subfield>
   </datafield>
   <datafield ind2=" " ind1=" " tag="720">
      <subfield code="a">Gomez, Sonia A.</subfield>
      <subfield code="e">author</subfield>
   </datafield>
   <datafield ind2=" " ind1=" " tag="720">
      <subfield code="a">Chapman, Lloyd A. C.</subfield>
      <subfield code="e">author</subfield>
   </datafield>
   <datafield ind2=" " ind1=" " tag="720">
      <subfield code="a">Dilger, Erin</subfield>
      <subfield code="e">author</subfield>
   </datafield>
   <datafield ind2=" " ind1=" " tag="720">
      <subfield code="a">Courtenay, Orin</subfield>
      <subfield code="e">author</subfield>
   </datafield>
   <datafield ind2=" " ind1=" " tag="720">
      <subfield code="a">Picado de Puig, Albert</subfield>
      <subfield code="e">author</subfield>
   </datafield>
   <datafield ind2=" " ind1=" " tag="260">
      <subfield code="c">2019-02-20T14:56:13Z</subfield>
   </datafield>
   <datafield ind2=" " ind1=" " tag="260">
      <subfield code="c">2019-02-20T14:56:13Z</subfield>
   </datafield>
   <datafield ind2=" " ind1=" " tag="260">
      <subfield code="c">2018-09-17</subfield>
   </datafield>
   <datafield ind2=" " ind1=" " tag="260">
      <subfield code="c">2019-02-14T16:12:41Z</subfield>
   </datafield>
   <datafield ind2=" " ind1=" " tag="520">
      <subfield code="a">Systemic insecticides in dogs have been suggested as a public&#xd;
                health intervention to prevent human cases of Zoonotic Visceral&#xd;
                Leishmaniasis (ZVL). But, currently there are no systemic&#xd;
                insecticides for dogs registered against zoo-anthropophilic pool&#xd;
                blood feeding phlebotomine flies. We predict the impact of&#xd;
                community-wide use of systemic insecticide in dog populations as&#xd;
                a public health measure to control transmission of Leishmania&#xd;
                infantum to humans using a mathematical model. We developed a&#xd;
                Susceptible-Exposed-Infected (SEI) compartmental model to&#xd;
                describe L. infantum transmission dynamics in dogs, with a&#xd;
                vectorial capacity term to represent transmission between L.&#xd;
                infantum-hosting dogs via phlebotomine flies. For Infected (I)&#xd;
                dogs two levels of infectiousness were modelled, high&#xd;
                infectiousness and low infectiousness. Human incidence was&#xd;
                estimated through its relationship to infection in the dog&#xd;
                population. We evaluated outcomes from a wide range of scenarios&#xd;
                comprising different combinations of initial insecticide&#xd;
                efficacy, duration of insecticide efficacy over time, and&#xd;
                proportion of the dog population treated (60%, 70% &amp; 80%).&#xd;
                The same reduction in human infection incidence can be achieved&#xd;
                via different combinations of insecticide efficacy, duration and&#xd;
                dog coverage. For example, a systemic insecticide with an&#xd;
                initial efficacy of 80% and 6 months above 65% efficacy would&#xd;
                require treating at least 70% of the dogs to reduce the human&#xd;
                infection incidence by 50%. Sensitivity analysis showed that the&#xd;
                model outcome was most sensitive to baseline values of&#xd;
                phlebotomine fly daily survival rate and insecticide coverage.&#xd;
                Community-wide use of systemic insecticides applied to the "L.&#xd;
                infantum canine reservoir" can significantly reduce human&#xd;
                incidence of L. infantum infection. The results of this&#xd;
                mathematical model can help defining the insecticide target&#xd;
                product profile and how the insecticide should be applied to&#xd;
                maximise effectiveness.</subfield>
   </datafield>
   <datafield tag="653" ind2=" " ind1=" ">
      <subfield code="a">Leishmania infantum</subfield>
   </datafield>
   <datafield tag="653" ind2=" " ind1=" ">
      <subfield code="a">Gossos</subfield>
   </datafield>
   <datafield tag="653" ind2=" " ind1=" ">
      <subfield code="a">Brasil</subfield>
   </datafield>
   <datafield tag="653" ind2=" " ind1=" ">
      <subfield code="a">Dogs</subfield>
   </datafield>
   <datafield tag="653" ind2=" " ind1=" ">
      <subfield code="a">Brazil</subfield>
   </datafield>
   <datafield ind2="0" ind1="0" tag="245">
      <subfield code="a">Estimating the efficacy of community-wide use of systemic&#xd;
                insecticides in dogs to control zoonotic visceral leishmaniasis:&#xd;
                A modelling study in a Brazilian scenario</subfield>
   </datafield>
</record></metadata></record></GetRecord></OAI-PMH>